00819cam a22002291 4500001001300000003000400013005001700017008004100034010001700075035002000092040002100112042001200133050002200145100002000167245009100187260009200278300001800370410009600388500006400484650002400548999001700572gs 16000499 DLC20260227111319.0891014s1916 ag 000 0 spa  ags 16000499  a(OCoLC)20493418 aDLCcCUdCUdDLC apremarc00aQE231b.A3 no. 131 aRassmuss, Juan.00aRasgos geológicos generales de las sierras pampeanas,cpor el doctor J. Rassmuss ... aBuenos Aires,bTalleres gráficos del Ministerio de agricultura de la nación,c1916. a18 p.c27 cm.10aArgentina.bDirección General de Minas y Geología.tBoletinvno. 13. ser. B. (Geologia) aAt head of title: Ministerio de agricultura de la nación. 0aGeologyzArgentina. c25686d25686